Alaska A-Z - Statistics

General Stats
  • This quiz has been taken 46 times
  • The average score is 15 of 23
Answer Stats
Clue Answer % Correct
O Biggest export Oil
100%
H Other U.S. state not in the lower 48 Hawaii
98%
B Sea to the north of the above Bering
95%
J Capital city Juneau
95%
F Largest inland city Fairbanks
93%
M Former name of Denali McKinley
91%
E Event that devastated Alaska in 1964 Earthquake
88%
A Volcanic island chain that crosses the International Date Line Aleutian
86%
K Brown bear subspecies Kodiak
86%
P Governor played by Tina Fey on SNL Palin
84%
R Yukon, Tanana, Kuskokwim, e.g. River
79%
V Infamous oil spill: Exxon ______ Valdez
79%
I Dog sled race ending in Nome Iditarod
70%
L Alaska has over 3 million of these Lakes
70%
G National park: ______ Bay Glacier
63%
C Monarch who sponsored Alaska's first Russian settlement Catherine
56%
S Secretary of State who negotiated the Alaska Purchase: William ______ Seward
56%
N Christmas themed city North Pole
49%
U Northernmost city—formerly "Barrow" Utqiagvik
21%
D Highway that ends in Prudhoe Bay Dalton
16%
W City of 272 people who all live in one condominium building Whittier
16%
Y Largest indigenous group Yup'ik
16%
T Largest national forest in the U.S. Tongass
14%
No matching quizzes found
Score Distribution
Percent of People with Each Score
Percentile by Number Answered
Your Score History
You have not taken this quiz